000 00424nab a2200145Ia 4500
003 ES-SlBCS
005 20210601131734.0
008 140529s1954 xxu||||| |||| 00| 0 fre d
041 _afre
100 1 _aL'huillier, Jacques A.
_937290
245 0 0 _aCrise de la magistrature
_c Jacques A. L'Huillier
650 0 4 _aMagistratura
_9170209
773 0 _tVie Intelectuelle (La)
_gnº. 6, 1954, págs. 110-114
_wRev907
942 _cAR
999 _c567964
_d567964